Statistiques concernant Élimination des pays (niveau 3)

Cliquez ici pour prendre le quiz!

Statistiques générales

  • Ce quiz a été pris 311 fois
  • Le résultat moyen est 56 sur 80

Statistiques - réponses

QuestionTuileSelect% Correct
...dont le nom contient un e...AfghanistanNon
96%
...dans un continent commençant par a...DanemarkNon
96%
Pays ayant une superficie supérieure à 1 000 000 de kilomètres...GuatemalaNon
96%
...dont le nom contient un e...KiribatiNon
96%
...dont le nom contient un e...LaosNon
96%
Pays ayant une superficie supérieure à 1 000 000 de kilomètres...LaosNon
96%
...dont le nom contient un e...TchadNon
96%
Pays ayant une superficie supérieure à 1 000 000 de kilomètres...KiribatiNon
95%
...dans un continent commençant par a...SerbieNon
95%
...dont le nom contient un e...SoudanNon
95%
...qui a plus de 5 frontières...KiribatiNon
93%
Pays ayant une superficie supérieure à 1 000 000 de kilomètres...SerbieNon
93%
...qui a plus de 5 frontières...DanemarkNon
92%
...qui touche à la mer.TchadNon
92%
...qui a plus de 5 frontières...YémenNon
92%
Pays ayant une superficie supérieure à 1 000 000 de kilomètres...YémenNon
91%
...qui a plus de 5 frontières...GuatemalaNon
89%
...dont le nom contient un e...MongolieOui
89%
...qui touche à la mer.MongolieNon
89%
...qui touche à la mer.SerbieNon
89%
...qui touche à la mer.AfghanistanNon
87%
...qui touche à la mer.NigerNon
87%
...qui a plus de 5 frontières...VenezuelaNon
86%
Pays ayant une superficie supérieure à 1 000 000 de kilomètres...MongolieOui
85%
...dans un continent commençant par a...MongolieOui
84%
...qui touche à la mer.SoudanNon
84%
...qui touche à la mer.BolivieNon
83%
...dans un continent commençant par a...KiribatiNon
82%
...qui a plus de 5 frontières...LaosNon
82%
...qui touche à la mer.LaosNon
81%
...dont le nom contient un e...LibyeOui
79%
...dont le nom contient un e...NigerOui
77%
...dans un continent commençant par a...LibyeOui
75%
...qui a plus de 5 frontières...MongolieNon
74%
...dans un continent commençant par a...NigerOui
74%
...qui a plus de 5 frontières...PérouNon
73%
Pays ayant une superficie supérieure à 1 000 000 de kilomètres...SoudanOui
71%
...dont le nom contient un e...PérouOui
70%
Pays ayant une superficie supérieure à 1 000 000 de kilomètres...VenezuelaNon
70%
...dont le nom contient un e...BolivieOui
68%
...dans un continent commençant par a...PérouOui
68%
Pays ayant une superficie supérieure à 1 000 000 de kilomètres...LibyeOui
67%
...dans un continent commençant par a...BolivieOui
66%
...qui a plus de 5 frontières...SoudanNon
66%
Pays ayant une superficie supérieure à 1 000 000 de kilomètres...TchadOui
66%
...qui a plus de 5 frontières...AfghanistanNon
65%
...dont le nom contient un e...DanemarkOui
65%
...qui touche à la mer.KiribatiNon
63%
...qui a plus de 5 frontières...NigerOui
63%
...qui a plus de 5 frontières...SerbieNon
63%
...qui a plus de 5 frontières...TchadNon
62%
...qui touche à la mer.YémenNon
61%
...qui touche à la mer.GuatemalaNon
60%
...qui a plus de 5 frontières...BolivieNon
59%
Pays ayant une superficie supérieure à 1 000 000 de kilomètres...NigerOui
58%
...qui touche à la mer.NigériaNon
57%
...dans un continent commençant par a...LaosNon
56%
...qui touche à la mer.VenezuelaNon
56%
...qui a plus de 5 frontières...NigériaNon
55%
Pays ayant une superficie supérieure à 1 000 000 de kilomètres...NigériaNon
55%
...dans un continent commençant par a...SoudanNon
55%
...dans un continent commençant par a...TchadNon
55%
...qui touche à la mer.DanemarkNon
54%
...qui touche à la mer.LibyeOui
54%
...dans un continent commençant par a...AfghanistanNon
53%
...dont le nom contient un e...GuatemalaNon
53%
...dans un continent commençant par a...GuatemalaNon
53%
...qui touche à la mer.PérouNon
53%
...dans un continent commençant par a...YémenNon
53%
Pays ayant une superficie supérieure à 1 000 000 de kilomètres...PérouOui
50%
Pays ayant une superficie supérieure à 1 000 000 de kilomètres...AfghanistanNon
48%
...dont le nom contient un e...SerbieNon
48%
...dont le nom contient un e...YémenNon
48%
Pays ayant une superficie supérieure à 1 000 000 de kilomètres...BolivieOui
42%
Pays ayant une superficie supérieure à 1 000 000 de kilomètres...DanemarkOui
40%
...dans un continent commençant par a...VenezuelaNon
40%
...dont le nom contient un e...VenezuelaNon
39%
...qui a plus de 5 frontières...LibyeOui
34%
...dont le nom contient un e...NigériaNon
32%
...dans un continent commençant par a...NigériaNon
32%

Distribution des résultats

Percentile par nombre de réponses

% des personnes avec chaque résultat

Votre développement - résultats

Vous n’avez pas pris ce quiz